Thaï pop - Quess the group by its members - Statistics

General Stats
  • This quiz has been taken 39 times
  • The average score is 9 of 17
Answer Stats
Hint Answer % Correct
Alan, Marc, Khunpol, Heart, Jinwook, Thai, Nex, Phutatchai, Copper,,AA, Jungt, Peemwasu BUS
86%
Junior, Jet, Poom, Nice, Erwin, Muon, Tad ATLAS
78%
Aou, Pond, Joong, Santa JASP.ER
78%
Nut, Hong, Tui, William, Lego LYKN
78%
Gun, Kim, Chokun, Gorn, Onglee, Victor PROXIE
78%
Mind, Jorin, Taaom, Hannah, Fai, Punch, Aheye 4EVE
76%
Jung, Nay, Krittin, Palm, Pluggy PERSES
73%
Jamessu, Yim, Tutor, AuAu, Por, TeeTee DEXX
70%
Barcode, Ashi, Keen, Aungpao CLO'VER
62%
Mabelz, Pimma, Ingkho pIXXIE
59%
Chari, Jaoying, Chelsea, Pream, Acare, Sangt FELIZZ
49%
Jan, Jane, Ciize, Aye SIZZY
46%
Meepooh, Meiji, Bell FLI:P
22%
Jackpot, Natt, Belle, Carys, Tonkhao, Tawan EMPRESS
16%
Thanabop, Jaylerr, JamyJamess, Captain, Porsche, Paris, Third, Ryu, Jackie NINE TO NINE
5%
Cindy, Bambam, Tata, Cheer THX
5%
Cherrie, Fahmini, Friend, Koi, Mudmee, Praeploy, Tangkwa, Tengja, Vasa Castella
3%
No matching quizzes found
Score Distribution
Percent of People with Each Score
Percentile by Number Answered
Your Score History
You have not taken this quiz